<?xml version="1.0" encoding="UTF-8"?>
<record
    xmlns:xsi="http://www.w3.org/2001/XMLSchema-instance"
    xsi:schemaLocation="http://www.loc.gov/MARC21/slim http://www.loc.gov/standards/marcxml/schema/MARC21slim.xsd"
    xmlns="http://www.loc.gov/MARC21/slim">

  <leader>00996nam a2200241 i 4500</leader>
  <controlfield tag="001">103760</controlfield>
  <controlfield tag="003">ES-MaACL</controlfield>
  <controlfield tag="005">20230906183435.0</controlfield>
  <controlfield tag="007">t|</controlfield>
  <controlfield tag="008">051117s1983    sp           ||||1| spa d</controlfield>
  <datafield tag="245" ind1="0" ind2="3">
    <subfield code="a">La mesa de Setefilla </subfield>
    <subfield code="b">: Lora del R&#xED;o (Sevilla): Campa&#xF1;a de 1979 /</subfield>
    <subfield code="c">M&#xAA; Eugenia Aubet Semmler... [et al.].</subfield>
  </datafield>
  <datafield tag="260" ind1=" " ind2=" ">
    <subfield code="a">Madrid : </subfield>
    <subfield code="b">Direcci&#xF3;n General de Bellas Artes y Archivos, </subfield>
    <subfield code="c">1983.</subfield>
  </datafield>
  <datafield tag="300" ind1=" " ind2=" ">
    <subfield code="a">193 p., con l&#xE1;m. 1-17 : </subfield>
    <subfield code="b">il. ; </subfield>
    <subfield code="c">29 cm.</subfield>
  </datafield>
  <datafield tag="490" ind1="1" ind2=" ">
    <subfield code="a">Excavaciones arqueol&#xF3;gicas en Espa&#xF1;a ; </subfield>
    <subfield code="v">122</subfield>
  </datafield>
  <datafield tag="650" ind1=" " ind2="4">
    <subfield code="a">Excavaciones arqueol&#xF3;gicas-</subfield>
    <subfield code="z">Sevilla (Provincia)</subfield>
    <subfield code="9">169953</subfield>
  </datafield>
  <datafield tag="651" ind1=" " ind2="4">
    <subfield code="a">Lora del R&#xED;o-</subfield>
    <subfield code="x">Restos arqueol&#xF3;gicos.</subfield>
    <subfield code="9">169954</subfield>
  </datafield>
  <datafield tag="651" ind1=" " ind2="4">
    <subfield code="a">Setefilla (Sevilla, Yacimiento)</subfield>
    <subfield code="9">169955</subfield>
  </datafield>
  <datafield tag="700" ind1="1" ind2=" ">
    <subfield code="a">Aubet Semmler, Mar&#xED;a Eugenia.</subfield>
    <subfield code="9">23808</subfield>
  </datafield>
  <datafield tag="710" ind1="1" ind2=" ">
    <subfield code="a">Espa&#xF1;a. </subfield>
    <subfield code="b">Subdirecci&#xF3;n General de Arqueolog&#xED;a y Etnograf&#xED;a.</subfield>
    <subfield code="9">3710</subfield>
  </datafield>
  <datafield tag="830" ind1="0" ind2=" ">
    <subfield code="a">Excavaciones arqueol&#xF3;gicas en Espa&#xF1;a ; </subfield>
    <subfield code="v">122</subfield>
    <subfield code="9">177264</subfield>
  </datafield>
  <datafield tag="852" ind1=" " ind2=" ">
    <subfield code="a">ES-MaACL</subfield>
    <subfield code="j">L-4927 </subfield>
    <subfield code="b">R.105523</subfield>
  </datafield>
  <datafield tag="999" ind1=" " ind2=" ">
    <subfield code="c">103760</subfield>
    <subfield code="d">103760</subfield>
  </datafield>
  <datafield tag="952" ind1=" " ind2=" ">
    <subfield code="0">0</subfield>
    <subfield code="1">0</subfield>
    <subfield code="4">0</subfield>
    <subfield code="7">0</subfield>
    <subfield code="a">ATENEOM</subfield>
    <subfield code="b">ATENEOM</subfield>
    <subfield code="c">DEPO2</subfield>
    <subfield code="d">2008-01-17</subfield>
    <subfield code="e">SC</subfield>
    <subfield code="l">0</subfield>
    <subfield code="o">L-4927</subfield>
    <subfield code="p">1108332</subfield>
    <subfield code="r">2023-02-23 00:00:00</subfield>
    <subfield code="w">2023-02-23</subfield>
    <subfield code="y">MONOGRAFIA</subfield>
  </datafield>
</record>
